| 000 | 00742cam a2200277 4500 | ||
|---|---|---|---|
| 001 | J100121 | ||
| 008 | 000000n1997 000 0 eng u | ||
| 035 | _a(Sirsi) u100121 | ||
| 041 | _aeng | ||
| 050 | _a346.410435 | ||
| 100 | _aPym, Andrew | ||
| 245 | _aCables and wires. | ||
| 260 |
_aLondon _bCountry Landowners Association _c1997 |
||
| 300 |
_a67p. _c21cm. |
||
| 350 | _a23 | ||
| 490 |
_aCLA Advisory Handbook _vA4/97 |
||
| 520 | _aSUPERSEDED BY: J11478 | ||
| 650 | _aCABLE TELEVISION | ||
| 650 | _aELECTRICITY | ||
| 650 | _aFIBRE OPTIC CABLES | ||
| 650 | _aTELECOMMUNICATIONS | ||
| 650 | _aWAYLEAVES | ||
| 690 | _aHIGHWAYS RIGHTS OF WAY AND EASEMENTS | ||
| 710 |
_aCountry Landowners' Association _92816 |
||
| 942 | _n0 | ||
| 999 |
_c99606 _d99606 |
||